000 00584nam a2200241Ia 4500
003 OSt
005 20220924150120.0
006 a|||||r|||| 00| 0
007 ta
008 220923b |||||||| |||| 00| 0 tel d
020 _c9.25
024 _a331854
037 _cTextual
040 _aARTS
_cARTS
_btel
041 _2tel
_atel
082 _aO35,1:g, L3
100 _aKrishnamachar Yulu
_9221307
245 0 _aKavyalokam
260 _c1973
650 _aTELUGU POETRY
942 _hO35,1:g, L3
_cTEXL
_2CC
999 _c462259
_d462259